000 00780nam a2200265 a 4500
999 _c12475
_d12475
001 12475
003 BD-JhCC
005 20220519134021.0
008 220227b19932007vau |||| ||6| 000 0 eng d
020 _a1565641183
035 _a(BD-JhCC)12475
040 _aBD-JhCC
_dBD-JhCC
041 _aEnglish
082 _a297.56
_bALA 2007
100 _aAl-Alwani, Taha Jabir
245 _aThe Ethics Of Disagreement in Islam /
_c Taha Jabir Al-Alwani, Abdul Wahid Hamid.A.S. Al Shaikh -Ali
260 _aHerndon :
_bThe International Institute Of Islamic Thought;
_c2007.
300 _a158 p. :
_c22 cm.
650 _aIslamic Law
650 _aReligious Tolerance
700 _a Hamid,Abdul Wahid
700 _aAli, A.S. Al Shaikh
942 _2ddc
_cBK
_01